000
00449nam a2200145Ia 4500
003
SGT
082
_a
614.88
_b
F11Y
100
_a
यादव, ओमप्रकाश
245
_a
प्राथमिक सहायता एवं संकटकालीन देखभाल
250
_a
10TH
260
_b
एन. आर. ब्रदर्स
_a
इंदौर
_c
2011
300
_a
324
650
_a
COMMUNITy NURSING
942
_2
ddc
_c
BK
_0
3
999
_c
2224
_d
2224